1469 1912 1310 1850 1156 1974 1636 1669 1867 1327 1237 1865 1060 1726 1807 1474 1685 1472 1292 1284 1095 1507 1561 1464 1015 1129 1470 1454 1212 1000 1051 1294 1861 1732 1087 1602 1274 1914 1284 1261 1168 1554 1386 1168 1187 1616 1644 1976 1676 1658 1724 1946 1368 1832 1237 1953 1485 1044 1515 1468 1381 1942 1995 1529 1624 1432 1446 1345 1237 1466 1271 1881 1926 1627 1138 1142 1179 1545 1000 1844 1260 1973 1654 1520 1495 1367 1405 1522 1173 1772 1244 1831 1998 1598 1449 1622 1718 1416 1912 BCNSPRNW ULIB Ver.6.0+V

เปลี่ยนเป็นภาษาไทย

Change to English
 แสดงรายละเอียดบรรณานุกรม
  กลับหน้าหลัก

Brief Record : Get Marc (ISO 2709) : E-mail record : QR code < ปิดหน้าต่าง
LEADER : 00000nam 2200000uu 4500
001    13399114559
003     ULIB
008    110627s2550||||th 000 0 tha d
020    9789749899342
090    นว.^bย731ค ล.9
100 0  โยโคมิโซะ เซซิ
245 00 คินดะอิจิยอดนักสืบ ตอนที่ 9 ในห้องที่ปิดตาย /^cโยโคมิโซะ เซซิ
250    พิมพ์ครั้งที่ 1
260    กรุงเทพฯ :^bBLISS publishing,^c2550
300    284 หน้า
710 1  BLISS publishing
945    ^p220^l0^i022063
995    ทศพร
999 ^a ใช้งานได้ทุกระบบ
รายการนี้ยังไม่มีแท็ก
คุณยังไม่ได้ล็อกอิน คุณสามารถมีกิจกรรมร่วมกับเว็บไซต์ได้ แต่ต้องล็อกอินก่อน ::
  ล็อกอิน

รายการสื่อสารสนเทศ

ลำดับที่ ประเภท เลขเรียก/บาร์โค้ด สถานที่ สถานะ
1. นวนิยาย
นวนิยาย
นว. ย731ค ล.9 ฉ.1 
  Barcode: 022063
ห้องสมุดวิทยาเขตสวรรค์ประชารักษ์
►นวนิยาย
บนชั้น
  ขอยืม

รายการใกล้เคียง
    ผู้แต่ง [โยโคมิโซะ เซซิ]

BibComment


ยังไม่เคยถูกคอมเมนท์

คอมเมนท์ทรัพยากรรายการนี้
  คอมเมนท์: คินดะอิจิยอดนักสื..


 Copyright 2026. Bcnsprnw @Library